| 000 | 00562nam a2200217 a 4500 | ||
|---|---|---|---|
| 999 |
_c4285 _d4285 |
||
| 001 | 4285 | ||
| 003 | BD-JhCC | ||
| 005 | 20171125195300.0 | ||
| 008 | 171125s19381961e a|||| || | 000 0 eng d | ||
| 035 | _a(BD-JhCC)4285 | ||
| 040 |
_aBD-JhCC _dBD-JhCC |
||
| 041 | _aeng | ||
| 082 |
_a822.33 _bFLE 1961 |
||
| 100 | _aFletcher, Ronald F. W. | ||
| 245 |
_aThe Merchant of Venice / _c Ronald F. W. Fletcher, |
||
| 260 |
_aLondon : _bOxford University Press, _c1961 |
||
| 300 |
_a191 p. : _c18 cm. |
||
| 650 | _aEnglish Drama | ||
| 942 |
_2ddc _cBK |
||